000 00314nam a2200109Ia 4500
008 180219s9999 xx 000 0 und d
020 _a9810699352
100 _aRinehart, Wilda
245 _aExam cram NCLEX-RN exam practice questions /
260 _aSingapore :
_bPearson Education
_c2006
300 _axvi, 457 pages
999 _c355955
_d355955